Statistics for IPL 2024 Captains

Click here to take the quiz!

General Stats

  • This quiz has been taken 62 times
  • The average score is 9 of 10

Answer Stats

TeamCaptain% Correct
Mumbai IndiansHardik Pandya
96%
Gujarat TitansShubman Gill
96%
Lucknow Super GiantsKL Rahul
94%
Delhi CapitalsRishabh Pant
92%
Sunrisers HyderabadPat Cummins
90%
Chennai Super KingsRuturaj Gaikwad
90%
Kolkata Knight RidersShreyas Iyer
88%
Royal Challengers BengaluruFaf du Plessis
83%
Rajasthan RoyalsSanju Samson
83%
Punjab KingsShikhar Dhawan
77%

Score Distribution

Percentile by Number Answered

Percent of People with Each Score

Your Score History

You have not taken this quiz